Barreras al restablecimiento natural y a la restauración ecológica de áreas afectadas por minería a cielo abierto (Registro nro. 6856)

Detalles MARC
000 -CABECERA
Campo de control 00743nam a2200157 a 4500
090 ## - CLASIFICACIÓN LOCAL
Colección LB
Consecutivo 05475
041 ## - IDIOMA
Código de idioma para texto/pista de sonido o título separado Español
100 ## - ASIENTO PRINCIPAL--NOMBRE PERSONAL
Nombre personal Barrera Cataño, José Ignacio
111 ## - ASIENTO PRINCIPAL--NOMBRE DE REUNION
Nombre de reunión o de jurisdicción como elemento de entrada Curso Internacional de restauración ecológica de áreas degradadas por minería a cielo abierto
Lugar de la reunión Bogotá
Fecha de la reunión 2008
Número de la parte/sección/reunión 2
245 ## - MENCION DE TITULO
Título Barreras al restablecimiento natural y a la restauración ecológica de áreas afectadas por minería a cielo abierto
249 ## -
-- Restauración ecológica de áreas degradadas por minería a cielo abierto en Colombia
260 ## - PUBLICACION, DISTRIBUCION, ETC. (PIE DE IMPRENTA)
Lugar de publicación, distribución, etc. Bogotá
Nombre del editor, distribuidor, etc. Pontificia Universidad Javeriana
Fecha de publicación, distribución, etc. 2009
300 ## - DESCRIPCION FISICA
Extensión p. 35-44
773 ## - Item fuente:
Título Restauración ecológica de áreas degradadas por minería a cielo abierto en Colombia
942 ## - ELEMENTOS ADICIONALES (KOHA)
Tipo de ítem

No hay ítems disponibles.